000
00240nam a2200097Ia 4500
001
682992
005
20250826161429.0
008
250824s9999 xx 000 0 und d
245
0
_a
BENİM ADIM MAYIS
_c
BUKET UZUNER
260
_b
EVEREST YAYINLARI
999
_c
682992
_d
682992